| 000 | 00383 a2200133 4500 | ||
|---|---|---|---|
| 001 | 91708 | ||
| 082 | _aPR 1717 | ||
| 090 |
_c43870 _d43869 |
||
| 100 | _aHammad Ahmed; Prof Atif Bin Mansoor, Advisor | ||
| 245 |
_aAcoustic Based Fault Diagnostic System for J69 Engine (T37 Aircraft) _n64 "B" EC |
||
| 260 |
_aRawalpindi _bNUST _c2008 |
||
| 300 | _a43p | ||
| 500 | _aBE Project Reports | ||
| 942 |
_aCAE NUST _kPR 1717 |
||
| 999 |
_c326781 _d326781 |
||